000 00459nam a22001697a 4500
999 _c68290
_d68287
082 _aR/2CS18
100 _aTooba
100 _aRoll No. 18CS13
100 _aSupervisor - Dr. Imtiaz Ali Halepoto
245 _aRFID Based Security System For Schools
260 _aNawabshah
_bQUEST
_c2021
300 _a71p
700 _aFaraz Soomro (Roll No. 18CS14)
700 _aKiran Soomro (Roll No. 18CS01)
700 _aImran (Roll No. 18CS15)
942 _cTHESIS